Stredná škola - 8. ročné gymnázium

Enregistré dans:
Détails bibliographiques
Auteur principal: Vrábel, Lukáš (Auteur)
Autres auteurs: Ingeli, Rastislav (Directeur de thèse)
Format: Manuscrit Livre
Langue:slovaque
Publié: 2024
Sujets:
Accès en ligne:http://is.stuba.sk/zp/portal_zp.pl?podrobnosti=176069
https://opac.crzp.sk/?fn=detailBiblioForm&sid=AA0D9432EF6DE826C9121F4F11D3
Tags: Ajouter un tag
Pas de tags, Soyez le premier à ajouter un tag!

MARC

LEADER 00000ntm a22000003a 4500
001 stuzp99250
003 SK-STU
005 20240930103353.0
007 ta
008 150427s2015----xo-----f-mn---000-0-slo-d
040 |a STU  |b slo 
041 0 |a slo 
100 1 |a Vrábel, Lukáš  |u 010180  |4 aut  |U SvF Stavebná fakulta  |T SvF Katedra konštrukcií pozemných stavieb  |X 98512  |U V180  |Y 18  |7 98512 
242 0 1 |a Secondary school - 8th year gymnasium  |y eng 
245 1 0 |a Stredná škola - 8. ročné gymnázium 
260 |c 2024 
650 4 |a Stredná škola  |2 slo 
650 4 |a novostavba  |2 slo 
650 4 |a projekt na realizáciu stavby  |2 slo 
650 4 |a Secondary school  |2 eng 
650 4 |a new-building  |2 eng 
650 4 |a a project for building realization  |2 eng 
700 1 |a Ingeli, Rastislav  |u 010180  |k Z1  |4 ths  |U SvF Stavebná fakulta  |T SvF Katedra konštrukcií pozemných stavieb  |X 23863  |U V180  |Y 18  |7 A000023863 
856 4 |u http://is.stuba.sk/zp/portal_zp.pl?podrobnosti=176069 
856 4 |u https://opac.crzp.sk/?fn=detailBiblioForm&sid=AA0D9432EF6DE826C9121F4F11D3